[Event "NRW Class1 1819"]
[Site "Germany"]
[Date "2019.02.17"]
[Round "6.7"]
[White "Broehl, Stephan"]
[Black "Fecke, Andreas"]
[Result "0-1"]
[WhiteElo "2087"]
[BlackElo "2058"]
[PlyCount "64"]
[EventDate "2018.09.16"]
[EventType "team-tourn"]
[EventRounds "9"]
[EventCountry "GER"]
[SourceTitle "EXT 2022"]
[Source "ChessBase"]
[SourceDate "2021.10.06"]
[SourceVersion "1"]
[SourceVersionDate "2021.10.06"]
[SourceQuality "1"]
[WhiteTeam "Niederkassel"]
[BlackTeam "Lippstadt Turm"]
[WhiteTeamCountry "GER"]
[BlackTeamCountry "GER"]

1. e4 e5 2. Nf3 d6 3. d4 exd4 4. Nxd4 Nf6 5. Nc3 Be7 6. g3 0-0 7. Bg2 c5 8. Nde2 Nc6 9. h3 a6 10. a4 Bd7 11. 0-0 Nb4 12. g4 Bc6 13. Ng3 Re8 14. Bf4 Bf8 15. g5 Nd7 16. Nd5 Bxd5 17. exd5 a5 18. c3 Na6 19. Re1 Qb6 20. Qg4 Rxe1+ 21. Rxe1 Rd8 22. Re2 Nc7 23. Nf5 Ne5 24. Bxe5 dxe5 25. Rxe5 Qxb2 26. Nh6+ gxh6 27. gxh6+ Kh8 28. Qg5 Rd6 29. Re7 Qxc3 30. Rxc7 Qe1+ 31. Kh2 Rg6 32. Qe3 Qxe3 0-1

[Event "NRW Class1 1718"]
[Site "Germany"]
[Date "2018.04.29"]
[Round "9.7"]
[White "Lemli, Thomas"]
[Black "Broehl, Stephan"]
[Result "1/2-1/2"]
[WhiteElo "1976"]
[BlackElo "2101"]
[PlyCount "89"]
[EventDate "2017.09.17"]
[EventType "team-tourn"]
[EventRounds "9"]
[EventCountry "GER"]
[SourceTitle "EXT 2019"]
[Source "ChessBase"]
[SourceDate "2018.10.10"]
[SourceVersion "1"]
[SourceVersionDate "2018.10.10"]
[SourceQuality "1"]
[WhiteTeam "Emsdetten Rochade"]
[BlackTeam "Niederkassel"]
[WhiteTeamCountry "GER"]
[BlackTeamCountry "GER"]

1. d4 d5 2. Bf4 Nf6 3. e3 c5 4. c3 Nc6 5. Nd2 Bf5 6. Qb3 Qd7 7. Ngf3 c4 8. Qd1 e6 9. Be2 h6 10. 0-0 Be7 11. a4 0-0 12. b3 cxb3 13. Qxb3 a6 14. c4 Na5 15. Qb2 Nc6 16. Rfc1 Rfc8 17. h3 Ne4 18. Nxe4 Bxe4 19. Nd2 Bg6 20. cxd5 exd5 21. Bg4 f5 22. Be2 Bf7 23. a5 Nd8 24. Nb3 Rxc1+ 25. Rxc1 Rc8 26. Nc5 Bxc5 27. Rxc5 Rxc5 28. dxc5 Nc6 29. Be5 Be6 30. Bc3 Qc7 31. Bf3 Nxa5 32. Bxa5 Qxa5 33. Qxb7 Qxc5 34. Qxa6 Bf7 35. Qa1 Qc4 36. Qe5 g6 37. g3 h5 38. h4 Qc6 39. Kg2 Kh7 40. Qd4 Qe6 41. Qf4 Kg7 42. Qd4+ Kh7 43. Kh2 Kg8 44. Kg2 Kh7 45. Qf4 1/2-1/2

[Event "NRW Class1 1718"]
[Site "Germany"]
[Date "2018.04.08"]
[Round "8.7"]
[White "Broehl, Stephan"]
[Black "Stemmler, Fabian"]
[Result "1-0"]
[WhiteElo "2101"]
[BlackElo "1938"]
[PlyCount "78"]
[EventDate "2017.09.17"]
[EventType "team-tourn"]
[EventRounds "9"]
[EventCountry "GER"]
[SourceTitle "EXT 2019"]
[Source "ChessBase"]
[SourceDate "2018.10.10"]
[SourceVersion "1"]
[SourceVersionDate "2018.10.10"]
[SourceQuality "1"]
[WhiteTeam "Niederkassel"]
[BlackTeam "Brackel"]
[WhiteTeamCountry "GER"]
[BlackTeamCountry "GER"]

1. e4 e5 2. Bc4 Nc6 3. Nc3 Nf6 4. d3 Bc5 5. f4 d6 6. Nf3 0-0 7. f5 Na5 8. a3 Nxc4 9. dxc4 h6 10. Qe2 c6 11. Be3 Qb6 12. Bxc5 Qxc5 13. 0-0-0 b5 14. cxb5 cxb5 15. Nd5 Bb7 16. Nxf6+ gxf6 17. Rd3 Rfc8 18. Rc3 Qb6 19. Rb3 Rc5 20. Ne1 Qc6 21. Qh5 Kf8 22. Qxh6+ Ke7 23. Qd2 Qxe4 24. Nd3 Rc4 25. Rxb5 Qxg2 26. Rd1 Qxd2+ 27. Rxd2 Be4 28. Nb4 Rg8 29. b3 Rg1+ 30. Kb2 Rc7 31. Re2 Ba8 32. Rf2 Rg2 33. Rxg2 Bxg2 34. Rb8 d5 35. h4 Rd7 36. h5 Be4 37. c4 d4 38. Nd5+ Kd6 39. Nxf6 Rc7 1-0

[Event "GER-chT Betriebe 15th"]
[Site "Munich"]
[Date "2015.10.22"]
[Round "1.3"]
[White "Broehl, Stephan"]
[Black "Basteck, Reiner"]
[Result "1-0"]
[WhiteElo "2122"]
[BlackElo "1648"]
[PlyCount "59"]
[EventDate "2015.10.22"]
[EventType "team-swiss"]
[EventRounds "7"]
[EventCountry "GER"]
[SourceTitle "EXT 2020"]
[Source "ChessBase"]
[SourceDate "2019.10.17"]
[SourceVersion "1"]
[SourceVersionDate "2019.10.17"]
[SourceQuality "1"]
[WhiteTeam "Bonn Ernaehrung und Landwirtschaft"]
[BlackTeam "Hamburg Transit II"]
[WhiteTeamCountry "GER"]
[BlackTeamCountry "GER"]

1. Nf3 d5 2. g3 Nf6 3. Bg2 c6 4. 0-0 Bg4 5. d3 Nbd7 6. Nbd2 e6 7. Qe1 Be7 8. e4 dxe4 9. dxe4 Qc7 10. e5 Nd5 11. a3 0-0 12. c4 N5b6 13. b3 Bf5 14. Qe3 Rad8 15. b4 a6 16. Bb2 Nb8 17. Nd4 Bg6 18. c5 Nd5 19. Qe2 Nd7 20. Nc4 h6 21. f4 Kh8 22. h4 b5 23. Nd6 Bxd6 24. cxd6 Qb6 25. Rac1 c5 26. bxc5 Nxc5 27. f5 Bh7 28. Kh2 Nd7 29. fxe6 fxe6 30. Nxe6 1-0

[Event "NRW Class1 1415"]
[Site "Germany"]
[Date "2014.09.14"]
[Round "1.5"]
[White "Roemhild, Marcus"]
[Black "Broehl, Stephan"]
[Result "1/2-1/2"]
[WhiteElo "2049"]
[BlackElo "2132"]
[PlyCount "34"]
[EventDate "2014.09.14"]
[EventType "team-tourn"]
[EventRounds "9"]
[EventCountry "GER"]
[SourceTitle "EXT 2017"]
[Source "ChessBase"]
[SourceDate "2016.10.25"]
[SourceVersion "1"]
[SourceVersionDate "2016.10.25"]
[SourceQuality "1"]
[WhiteTeam "Lippstadt Turm"]
[BlackTeam "Niederkassel"]
[WhiteTeamCountry "GER"]
[BlackTeamCountry "GER"]

1. c4 c6 2. g3 d5 3. Bg2 Nf6 4. Nf3 Bf5 5. 0-0 e6 6. b3 h6 7. Bb2 Be7 8. d3 0-0 9. Nbd2 Nbd7 10. Qc2 Bh7 11. Rac1 a5 12. Rfd1 Bd6 13. e4 Qb8 14. Re1 dxe4 15. Nxe4 Nxe4 16. dxe4 Ne5 17. Nxe5 Bxe5 1/2-1/2

[Event "Cologne Longerich op-A 11th"]
[Site "Cologne"]
[Date "2014.08.02"]
[Round "3"]
[White "Broehl, Stephan"]
[Black "Kuhn, Andreas2222"]
[Result "1-0"]
[WhiteElo "2151"]
[BlackElo "1926"]
[PlyCount "35"]
[EventDate "2014.08.01"]
[EventType "swiss"]
[EventRounds "5"]
[EventCountry "GER"]
[SourceTitle "EXT 2022"]
[Source "ChessBase"]
[SourceDate "2021.10.06"]
[SourceVersion "1"]
[SourceVersionDate "2021.10.06"]
[SourceQuality "1"]

1. e4 d6 2. d4 Nf6 3. Nc3 Nbd7 4. g4 h6 5. h3 e5 6. Nge2 Be7 7. Bg2 c6 8. a4 Nf8 9. f4 Ng6 10. 0-0 exd4 11. Nxd4 0-0 12. Be3 Qc7 13. Qe1 Bd7 14. Nf5 Rfe8 15. Qf2 b6 16. g5 hxg5 17. fxg5 Nh7 18. Nxg7 1-0

[Event "Cologne Longerich op-A 11th"]
[Site "Cologne"]
[Date "2014.08.02"]
[Round "2"]
[White "Rotstein, Jefim"]
[Black "Broehl, Stephan"]
[Result "1/2-1/2"]
[WhiteElo "2356"]
[BlackElo "2151"]
[PlyCount "120"]
[EventDate "2014.08.01"]
[EventType "swiss"]
[EventRounds "5"]
[EventCountry "GER"]
[SourceTitle "EXT 2022"]
[Source "ChessBase"]
[SourceDate "2021.10.06"]
[SourceVersion "1"]
[SourceVersionDate "2021.10.06"]
[SourceQuality "1"]

1. f4 d5 2. Nf3 Nf6 3. e3 Bg4 4. c4 c6 5. Qb3 Qb6 6. Ne5 Be6 7. d4 Nbd7 8. Nc3 g6 9. Bd2 Bg7 10. Nxd7 Bxd7 11. Qxb6 axb6 12. cxd5 cxd5 13. Be2 0-0 14. g4 e6 15. g5 Ne8 16. Nb5 Bxb5 17. Bxb5 Nd6 18. Bd3 Rfc8 19. b3 Bf8 20. Ke2 Nf5 21. a4 Be7 22. Rhc1 Nd6 23. Kf3 Rc6 24. Rxc6 bxc6 25. Rc1 Rc8 26. b4 Kf8 27. h4 Ke8 28. a5 b5 29. h5 Kd7 30. Rh1 Rf8 31. hxg6 hxg6 32. Rh7 Ne8 33. Ke2 Nc7 34. Kd1 Na6 35. Kc2 Ke8 36. Kb3 Nc7 37. Be1 Na6 38. Bc3 Bd6 39. Bd2 Be7 40. e4 Rg8 41. exd5 exd5 42. f5 gxf5 43. Rh6 Kd7 44. Bxf5+ Kc7 45. Rh7 Bxg5 46. Rxf7+ Kb8 47. Be1 Bd8 48. Bd7 Rg6 49. Rf8 Kc7 50. Be8 Re6 51. Bg3+ Kb7 52. Be5 Bc7 53. Bd7 Re7 54. Bc8+ Ka7 55. Bxc7 Nxc7 56. Rf6 Kb8 57. Rf8 Re3+ 58. Kc2 Ka7 59. Rf6 Kb8 60. Rf8 Ka7 1/2-1/2

[Event "NRW Class1 1314"]
[Site "Germany"]
[Date "2014.04.27"]
[Round "9.5"]
[White "Broehl, Stephan"]
[Black "Noetzel, Frank"]
[Result "0-1"]
[WhiteElo "2120"]
[BlackElo "2122"]
[PlyCount "110"]
[EventDate "2013.09.15"]
[EventType "team-tourn"]
[EventRounds "9"]
[EventCountry "GER"]
[SourceTitle "EXT 2015"]
[Source "ChessBase"]
[SourceDate "2014.11.20"]
[SourceVersion "1"]
[SourceVersionDate "2014.11.20"]
[SourceQuality "1"]
[WhiteTeam "Niederkassel"]
[BlackTeam "Elberfeld"]
[WhiteTeamCountry "GER"]
[BlackTeamCountry "GER"]

1. e4 e5 2. Nc3 Nf6 3. Bc4 Bc5 4. d3 0-0 5. Be3 Bxe3 6. fxe3 c6 7. Nf3 d5 8. Bb3 dxe4 9. Nxe4 Nxe4 10. dxe4 Qe7 11. 0-0 Nd7 12. c3 Nf6 13. Bc2 Bg4 14. Qe1 Bxf3 15. gxf3 Rad8 16. Rf2 Rd6 17. Rd1 Rfd8 18. Rfd2 g6 19. Bb3 Kg7 20. Kf1 Ne8 21. Rxd6 Rxd6 22. Rxd6 Nxd6 23. Ke2 Qg5 24. Qf2 Kf8 25. h4 Qh5 26. Kd3 Ke7 27. Qg3 f6 28. a3 h6 29. Qh3 f5 30. Kd2 Kf6 31. exf5 Nxf5 32. e4 Qxh4 33. Qf1 Qf4+ 34. Kd3 Ng3 35. Qg2 h5 36. Kc2 Kg5 37. Be6 Kh6 38. Kb3 Qg5 39. Bc8 Nxe4 40. Qh3 Nd6 41. Qd7 Nxc8 42. Qxc8 Qe7 43. Qb8 a6 44. Kc2 Kg5 45. Kd3 Kf4 46. Ke2 Qf7 47. Qd6 Kg3 48. Qd3 Qf5 49. Qe3 Qc2+ 50. Ke1 Qb1+ 51. Kd2 Qxb2+ 52. Kd3 Qb5+ 53. Kc2 Qa4+ 54. Kd3 Qd1+ 55. Kc4 Qd5+ 0-1

[Event "NRW Class1 1314"]
[Site "Germany"]
[Date "2014.02.02"]
[Round "6.4"]
[White "Schaffarczyk, Andre"]
[Black "Broehl, Stephan"]
[Result "1/2-1/2"]
[WhiteElo "2027"]
[BlackElo "2120"]
[PlyCount "88"]
[EventDate "2013.09.15"]
[EventType "team-tourn"]
[EventRounds "9"]
[EventCountry "GER"]
[SourceTitle "EXT 2015"]
[Source "ChessBase"]
[SourceDate "2014.11.20"]
[SourceVersion "1"]
[SourceVersionDate "2014.11.20"]
[SourceQuality "1"]
[WhiteTeam "Lieme"]
[BlackTeam "Niederkassel"]
[WhiteTeamCountry "GER"]
[BlackTeamCountry "GER"]

1. e4 c6 2. d4 d5 3. Nc3 dxe4 4. Nxe4 Bf5 5. Ng3 Bg6 6. h4 h6 7. Nf3 Nd7 8. h5 Bh7 9. Bd3 Ngf6 10. Bxh7 Nxh7 11. Qd3 e6 12. Bf4 Bb4+ 13. c3 Be7 14. 0-0-0 0-0 15. Ne4 Ndf6 16. Ne5 Nxe4 17. Qxe4 Qd5 18. Qxd5 cxd5 19. g4 Rfc8 20. Kc2 Bd6 21. Be3 Nf6 22. f3 b5 23. Kd3 a5 24. g5 hxg5 25. Bxg5 Bxe5 26. dxe5 Nd7 27. Rde1 Kh7 28. Be7 Rc4 29. Rh4 f6 30. f4 Nxe5+ 31. fxe5 Rxh4 32. exf6 gxf6 33. Bxf6 Rh3+ 34. Kd4 Re8 35. Kc5 Rxh5 36. Kxb5 Kg6 37. Be5 Rh7 38. Kc6 Rh4 39. Kd7 Rf8 40. Kxe6 Rd8 41. Rg1+ Kh7 42. Rd1 Re8+ 43. Kxd5 Rd8+ 44. Bd6 Rh2 1/2-1/2

[Event "NRW Class1 1314"]
[Site "Germany"]
[Date "2014.01.12"]
[Round "5.5"]
[White "Nissen, Claus"]
[Black "Broehl, Stephan"]
[Result "0-1"]
[WhiteElo "2133"]
[BlackElo "2120"]
[PlyCount "124"]
[EventDate "2013.09.15"]
[EventType "team-tourn"]
[EventRounds "9"]
[EventCountry "GER"]
[SourceTitle "EXT 2015"]
[Source "ChessBase"]
[SourceDate "2014.11.20"]
[SourceVersion "1"]
[SourceVersionDate "2014.11.20"]
[SourceQuality "1"]
[WhiteTeam "Oberhausen"]
[BlackTeam "Niederkassel"]
[WhiteTeamCountry "GER"]
[BlackTeamCountry "GER"]

1. d4 d5 2. c4 c6 3. Nf3 Nf6 4. Nbd2 Bf5 5. Nh4 Be4 6. f3 Bg6 7. e3 e6 8. a3 Nbd7 9. Nxg6 hxg6 10. Bd3 Bd6 11. f4 c5 12. cxd5 exd5 13. Nf3 0-0 14. 0-0 Qb6 15. Rb1 Ne4 16. Bxe4 dxe4 17. Ne5 Nf6 18. b4 cxb4 19. Bd2 a5 20. axb4 a4 21. Nc4 Qd8 22. b5 Be7 23. Ra1 a3 24. Qb1 Qc7 25. Rc1 Qb8 26. Qb3 g5 27. Rf1 gxf4 28. Rxf4 Qa7 29. Rff1 Rfd8 30. Ne5 Rf8 31. Ng6 Rfe8 32. Nxe7+ Rxe7 33. Bb4 Rd7 34. Rxa3 Qb8 35. Be1 Qf8 36. Bb4 Qc8 37. h3 Nd5 38. Bd2 Rxa3 39. Qxa3 Rc7 40. Qd6 Rd7 41. Qe5 Nf6 42. Rc1 Qd8 43. Qc5 Nd5 44. Qc8 g6 45. Ba5 Qxc8 46. Rxc8+ Kg7 47. Kf2 b6 48. Bd2 Nc7 49. Bb4 Nd5 50. Bf8+ Kh7 51. Re8 f5 52. Re5 Kg8 53. Bh6 Kf7 54. Bg5 Nb4 55. g4 Nd3+ 56. Kg3 Nxe5 57. dxe5 Rd5 58. Kf4 Ke6 59. gxf5+ gxf5 60. Bf6 Rxb5 61. h4 Rb1 62. Kg3 Rg1+ 0-1

[Event "Regionalliga Mittelrhein 1213"]
[Site "Germany"]
[Date "2013.03.03"]
[Round "8.3"]
[White "Broehl, Stephan"]
[Black "Haskelman, Evgen"]
[Result "1-0"]
[WhiteElo "2103"]
[BlackElo "2149"]
[PlyCount "71"]
[EventDate "2012.09.09"]
[EventType "team"]
[EventRounds "11"]
[EventCountry "GER"]
[SourceTitle "EXT 2015"]
[Source "ChessBase"]
[SourceDate "2014.11.20"]
[SourceVersion "1"]
[SourceVersionDate "2014.11.20"]
[SourceQuality "1"]
[WhiteTeam "Godesberg III"]
[BlackTeam "Koeln Ford SF"]
[WhiteTeamCountry "GER"]
[BlackTeamCountry "GER"]

1. e4 d5 2. exd5 Nf6 3. d4 Nxd5 4. Nf3 Bg4 5. h3 Bh5 6. c4 Nb6 7. Nc3 e6 8. g4 Bg6 9. Ne5 N8d7 10. Nxg6 hxg6 11. c5 Nc8 12. Qb3 b6 13. Be3 bxc5 14. dxc5 Bxc5 15. Bxc5 Nxc5 16. Bb5+ Kf8 17. Rd1 Qe7 18. Qa3 Rb8 19. Rd4 a6 20. Be2 Na7 21. Rc4 Nd7 22. Rxc7 Qxa3 23. bxa3 Rc8 24. Rxd7 Rxc3 25. Rd8+ Ke7 26. Rxh8 Nb5 27. 0-0 Nd4 28. Re1 Rxa3 29. Kg2 Rxa2 30. Bf3 a5 31. Ra8 a4 32. Re4 Nc2 33. Raxa4 Rb2 34. Re2 f5 35. Rc4 fxg4 36. hxg4 1-0

[Event "Regionalliga Mittelrhein 1213"]
[Site "Germany"]
[Date "2012.09.09"]
[Round "1.3"]
[White "Broehl, Stephan"]
[Black "Koehler, Christian Friedrich"]
[Result "1/2-1/2"]
[WhiteElo "2093"]
[BlackElo "2097"]
[PlyCount "98"]
[EventDate "2012.09.09"]
[EventType "team"]
[EventRounds "11"]
[EventCountry "GER"]
[SourceTitle "EXT 2015"]
[Source "ChessBase"]
[SourceDate "2014.11.20"]
[SourceVersion "1"]
[SourceVersionDate "2014.11.20"]
[SourceQuality "1"]
[WhiteTeam "Godesberg III"]
[BlackTeam "Godesberg IV"]
[WhiteTeamCountry "GER"]
[BlackTeamCountry "GER"]

1. e4 d5 2. exd5 Qxd5 3. Nc3 Qd8 4. d4 Nf6 5. Nf3 Bg4 6. h3 Bh5 7. g4 Bg6 8. Ne5 Nbd7 9. Nxg6 hxg6 10. Bg2 c6 11. Bf4 e6 12. Qf3 Bb4 13. 0-0 Nb6 14. Be5 Nc4 15. Ne4 Nxe4 16. Qxe4 Nd2 17. Qf4 g5 18. Qe3 Nxf1 19. Rxf1 0-0 20. c3 Be7 21. Be4 g6 22. h4 f6 23. Bh2 f5 24. Bc2 Kh7 25. hxg5 Bxg5 26. f4 Bh6 27. g5 Bg7 28. Bb3 Re8 29. Bxe6 Rxe6 30. Qxe6 Qe8 31. Re1 Qxe6 32. Rxe6 Bf8 33. Kf1 Kg7 34. Ke2 Kf7 35. Re3 Bd6 36. Kd3 Rh8 37. Bg3 Rh1 38. Re2 Rh3 39. Re3 Rh1 40. Rf3 Rd1+ 41. Ke3 Ra1 42. a3 b5 43. Rf2 Rh1 44. Rh2 Rxh2 45. Bxh2 Ke6 46. b4 Kd5 47. Kd3 Bc7 48. Bg3 a5 49. Bh2 axb4 1/2-1/2

[Event "Bad Godesberg op 16th"]
[Site "Bad Godesberg"]
[Date "2012.07.15"]
[Round "9"]
[White "Broehl, Stephan"]
[Black "Opitz, Frank"]
[Result "1-0"]
[WhiteElo "2131"]
[BlackElo "1958"]
[PlyCount "99"]
[EventDate "2012.07.07"]
[EventType "swiss"]
[EventRounds "9"]
[EventCountry "GER"]
[SourceTitle "CBM 149 Extra"]
[Source "ChessBase"]
[SourceDate "2012.08.24"]
[SourceVersion "1"]
[SourceVersionDate "2012.08.24"]
[SourceQuality "1"]

1. e4 d5 2. exd5 Qxd5 3. Nc3 Qd8 4. d4 Nf6 5. Nf3 Bg4 6. Be3 e6 7. h3 Bxf3 8. Qxf3 c6 9. Bd3 Bb4 10. 0-0 Nbd7 11. Ne2 Qa5 12. c4 Bd6 13. Ng3 h5 14. Rfe1 0-0-0 15. c5 Bxg3 16. Qxg3 Nd5 17. a3 Qc7 18. Qf3 N7f6 19. Bd2 h4 20. b4 Rdg8 21. Re5 Nd7 22. Rh5 Rxh5 23. Qxh5 Nf4 24. Qxh4 Nxd3 25. Qh7 Nf6 26. Qxd3 g5 27. Qf3 Nd5 28. Re1 Qe7 29. a4 Qf6 30. Qxf6 Nxf6 31. Re5 Nh7 32. g4 Kd7 33. f4 f6 34. Re2 gxf4 35. Bxf4 f5 36. Rg2 fxg4 37. Rxg4 Rxg4+ 38. hxg4 Ke7 39. Kf2 Nf6 40. Bg5 Kf7 41. Bxf6 Kxf6 42. Ke3 Kg5 43. Ke4 Kxg4 44. b5 a5 45. bxa6 bxa6 46. a5 Kg3 47. Ke5 Kf3 48. Kxe6 Ke4 49. Kd6 Kxd4 50. Kxc6 1-0

[Event "Bad Godesberg op 16th"]
[Site "Bad Godesberg"]
[Date "2012.07.14"]
[Round "8"]
[White "Spreemann, Ralf"]
[Black "Broehl, Stephan"]
[Result "0-1"]
[WhiteElo "2026"]
[BlackElo "2131"]
[PlyCount "72"]
[EventDate "2012.07.07"]
[EventType "swiss"]
[EventRounds "9"]
[EventCountry "GER"]
[SourceTitle "CBM 149 Extra"]
[Source "ChessBase"]
[SourceDate "2012.08.24"]
[SourceVersion "1"]
[SourceVersionDate "2012.08.24"]
[SourceQuality "1"]

1. e4 c6 2. d4 d5 3. Nd2 dxe4 4. Nxe4 h6 5. Nf3 Bf5 6. Ng3 Bh7 7. Bd3 Bxd3 8. Qxd3 e6 9. Bd2 Nf6 10. 0-0 Bd6 11. Ne4 Nxe4 12. Qxe4 Nd7 13. c4 Nf6 14. Qe2 0-0 15. Rad1 Re8 16. Ne5 Qc7 17. Bc3 Rad8 18. b4 a6 19. a3 b5 20. Bb2 Nd7 21. c5 Be7 22. f4 Nf8 23. Qf3 Rd5 24. Ng4 Red8 25. Kh1 Kh7 26. Ne3 R5d7 27. g4 Bf6 28. g5 hxg5 29. fxg5 Bxg5 30. Qh5+ Bh6 31. d5 exd5 32. Be5 g6 33. Qh3 Qxe5 34. Qxh6+ Kxh6 35. Ng4+ Kg7 36. Nxe5 Rc7 0-1

[Event "Mittelrhein-chT 1112"]
[Site "Germany"]
[Date "2012.05.06"]
[Round "12.7"]
[White "Tonnicchi, Claudio"]
[Black "Broehl, Stephan"]
[Result "0-1"]
[WhiteElo "1994"]
[BlackElo "2048"]
[PlyCount "72"]
[EventDate "2011.09.11"]
[EventType "team-tourn"]
[EventRounds "13"]
[EventCountry "GER"]
[SourceTitle "EXT 2013"]
[Source "ChessBase"]
[SourceDate "2012.11.22"]
[SourceVersion "1"]
[SourceVersionDate "2012.11.22"]
[SourceQuality "1"]
[WhiteTeam "Bruehl"]
[BlackTeam "Godesberg II"]
[WhiteTeamCountry "GER"]
[BlackTeamCountry "GER"]

1. d4 d5 2. Nf3 Nf6 3. g3 Bf5 4. Bg2 e6 5. 0-0 h6 6. c4 c6 7. Nc3 Be7 8. Qb3 Qb6 9. Qxb6 axb6 10. cxd5 exd5 11. Bf4 Nbd7 12. a4 0-0 13. Rac1 Bb4 14. Na2 Be7 15. Nc3 Ne4 16. Nxe4 dxe4 17. Nd2 Rxa4 18. Nc4 Re8 19. b3 Rb4 20. Ne3 Bh7 21. d5 Bc5 22. Bh3 Nf6 23. d6 g5 24. d7 Nxd7 25. Bxd7 Rd8 26. Be5 Rxd7 27. Ng4 Be7 28. Nxh6+ Kf8 29. Ra1 f6 30. f4 Bc5+ 31. Kg2 fxe5 32. fxe5+ Kg7 33. Ng4 Re7 34. Ra8 Bd4 35. Rd8 Bg6 36. Nf6 Bxe5 0-1

[Event "Mittelrhein-chT 1112"]
[Site "Germany"]
[Date "2012.03.18"]
[Round "10.6"]
[White "Broehl, Stephan"]
[Black "Boening, Christoph"]
[Result "1-0"]
[WhiteElo "2048"]
[BlackElo "1992"]
[PlyCount "59"]
[EventDate "2011.09.11"]
[EventType "team-tourn"]
[EventRounds "13"]
[EventCountry "GER"]
[SourceTitle "EXT 2013"]
[Source "ChessBase"]
[SourceDate "2012.11.22"]
[SourceVersion "1"]
[SourceVersionDate "2012.11.22"]
[SourceQuality "1"]
[WhiteTeam "Godesberg II"]
[BlackTeam "Bonn Beuel"]
[WhiteTeamCountry "GER"]
[BlackTeamCountry "GER"]

1. e4 d6 2. d4 Nf6 3. Nc3 g6 4. Be3 Bg7 5. Qd2 0-0 6. 0-0-0 c6 7. Bh6 Qa5 8. f3 b5 9. Kb1 b4 10. Nce2 Qb6 11. h4 e5 12. h5 a5 13. hxg6 fxg6 14. Bxg7 Kxg7 15. Qh6+ Kg8 16. dxe5 dxe5 17. Nf4 Ra7 18. Bc4+ Nd5 19. Nxg6 hxg6 20. exd5 Ba6 21. Qh8+ Kf7 22. Rh7+ Ke8 23. Qxe5+ Kd8 24. dxc6+ Nd7 25. Qe7+ Kc8 26. cxd7+ Rxd7 27. Qxd7+ Kb8 28. Bxa6 Qxa6 29. Qc7+ Ka8 30. Rd8+ 1-0

[Event "Mittelrhein-chT 1112"]
[Site "Germany"]
[Date "2011.11.27"]
[Round "5.8"]
[White "Raabe, Joachim"]
[Black "Broehl, Stephan"]
[Result "0-1"]
[WhiteElo "1842"]
[BlackElo "2048"]
[PlyCount "56"]
[EventDate "2011.09.11"]
[EventType "team-tourn"]
[EventRounds "13"]
[EventCountry "GER"]
[SourceTitle "EXT 2013"]
[Source "ChessBase"]
[SourceDate "2012.11.22"]
[SourceVersion "1"]
[SourceVersionDate "2012.11.22"]
[SourceQuality "1"]
[WhiteTeam "Bruehl II"]
[BlackTeam "Godesberg II"]
[WhiteTeamCountry "GER"]
[BlackTeamCountry "GER"]

1. e4 c6 2. d4 d5 3. Nc3 dxe4 4. Nxe4 Nf6 5. Nxf6+ gxf6 6. Be3 Bf5 7. Bd3 Rg8 8. c3 Bxd3 9. Qxd3 Qd5 10. Ne2 Qxg2 11. 0-0-0 Qg6 12. Qc4 Qe4 13. Qb3 b6 14. Ng3 Qf3 15. Rhe1 Nd7 16. d5 cxd5 17. Rxd5 e6 18. Rd2 Bc5 19. Qb5 0-0-0 20. Red1 Bxe3 21. fxe3 Nc5 22. b4 Qxe3 23. bxc5 Qxc3+ 24. Kb1 Rxd2 25. Rxd2 Qxd2 26. Qa6+ Kb8 27. c6 Qb4+ 28. Ka1 Qc3+ 0-1